00211nam a2200085 a 4500008004100000050001500041100001800056245004200074350000900116120416s9999 xx |||||||||||||| || u aTS 205 Gwy aGwyther, J. L13aAn introduction to workshop processes a0.00